Biología 3 : (Registro nro. 10025)

Detalles MARC
000 -LIDER
fixed length control field 01495nam a22003737a 4500
003 - IDENTIFICACDOR DE NÚMERO DE CONTROL
control field DO-SdBNP
005 - DATE AND TIME OF LATEST TRANSACTION
control field 20180309140137.0
008 - ELEMENTOS DE LONGITUD FIJA
fixed length control field 160506b 2014 dr 00| 0 spa d
020 ## - ISBN
International Standard Book Number 9789945118513 (v. 1)
020 ## - ISBN
International Standard Book Number 9789945118032 (v. 2) Guía
040 ## - FUENTE DE CATALOGACIÓN
Agencia que crea de manera original el registro BPMSU
Idioma de catalogación spa
Agencia que realiza la transcripción BPMSU
082 #4 - NÚMERO DE CLASIFICACIÓN DECIMAL DE DEWEY
Classification number 373.257
Item number P762b 3ro. 2014
100 1# - ASIENTO PRINCIPAL -- NOMBRE PERSONAL
Nombre personal Polanco, Kennida
245 1# - MENCIÓN DE TITULO
Título Biología 3 :
Subtítulo educación media ; 1er. grado / 2do. ciclo /
Mención de responsabilidad Kennida Polanco, Víctor Arturo Solano ; dirección editorial Obdulia García de Escobar ; editora Claudia Llibre
260 ## - PUBLICACIÓN, DISTRIBUCIÓN, ETC. (PIE DE IMPRENTA)
Lugar de publicación, distribución, etc Santo Domingo :
Nombre del editor, distribuidor, etc. Santillana,
Fecha de publicación, distribución, etc 2014.
300 ## - DESCRIPCIÓN FÍSICA
Extensión 2 v. :
Otros detalles físicos ils., rters. ;
Dimensiones 28 cm.
490 1# - MENCIÓN DE SERIES
Mención de serie Innova
500 ## - NOTA GENERAL
Nota general La biblioteca posee el libro y la guía.
500 ## - NOTA GENERAL
Nota general 1er. grado / 2do. ciclo
505 ## - NOTA DE CONTENIDO
Título La herencia biológica --
-- Origen y evolución de la vida --
-- Los ecosistemas --
-- Los recursos naturales --
-- Flora de la Española --
-- Fauna de la Española.
650 ## - ENCABEZAMIENTO DE MATERIA--TEMÁTICO
Término temático o nombre geográfico como elemento de entrada BIOLOGÍA
Subdivisión temática general ENSEÑANZA SECUNDARIA
650 #4 - ENCABEZAMIENTO DE MATERIA--TEMÁTICO
Término temático o nombre geográfico como elemento de entrada BIOLOGÍA
Subdivisión temática general EDUCACIÓN SECUNDARIA
650 #4 - ENCABEZAMIENTO DE MATERIA--TEMÁTICO
Término temático o nombre geográfico como elemento de entrada BIOLOGÍA
Subdivisión temática general ESTUDIOS Y EJERCICIOS
650 #4 - ENCABEZAMIENTO DE MATERIA--TEMÁTICO
Término temático o nombre geográfico como elemento de entrada BIOLOGÍA
Subdivisión temática general LIBROS DE TEXTOS
650 #4 - ENCABEZAMIENTO DE MATERIA--TEMÁTICO
Término temático o nombre geográfico como elemento de entrada EDUCACIÓN SECUNDARIA
Subdivisión geográfica REPÚBLICA DOMINICANA
700 12 - ASIENTO SECUNDARIO -- NOMBRE PERSONAL
Nombre personal Solano, Víctor Arturo
700 12 - ASIENTO SECUNDARIO -- NOMBRE PERSONAL
Nombre personal García de Escobar, Obdulia,
Mención de responsabilidad ed.
700 12 - ASIENTO SECUNDARIO -- NOMBRE PERSONAL
Nombre personal Llibre, Claudia,
Mención de responsabilidad ed.
830 #0 - ASIENTO SECUNDARIO DE SERIE--TÍTULO UNIFORME
Título uniforme Innova
910 ## - VALIDACIÓN
Validación Validado. Control de calidad MFF
942 ## - ADDED ENTRY ELEMENTS (KOHA)
Source of classification or shelving scheme Dewey Decimal Classification
Koha item type Libros
945 ## - INFORMACIÓN DE PROCESAMIENTO LOCAL
Información de procesamiento local Remanejado para la BNPHU / 2018 BT
956 ## - LOCAL ELECTRONIC LOCATION AND ACCESS (OCLC)
Nombre de host BTAVÁREZ
Número de acceso 10
Información de compresión 20160506
Trayectoria 0038
Existencias
Withdrawn status Lost status Source of classification or shelving scheme Damaged status Not for loan Home library Current library Date acquired Source of acquisition Total Checkouts Full call number Barcode Date last seen Price effective from Koha item type Collection code
    Dewey Decimal Classification     Biblioteca Pública Metropolitana Salomé Ureña Biblioteca Pública Metropolitana Salomé Ureña 05/06/2016 Donación   373.257 P762b 3ro. 2014 v.1 BPMSU16050149 05/06/2016 05/06/2016 Libros  
    Dewey Decimal Classification     Biblioteca Pública Metropolitana Salomé Ureña Biblioteca Pública Metropolitana Salomé Ureña 05/06/2016 Donación   373.257 P762b 3ro. 2014 v.2 Guía BPMSU16050150 05/06/2016 05/06/2016 Libros